=LDR 00000nam 2200000 4500 =001 INLIS000000000048691 =005 20200213080423 =035 ##$$a 0010-121600000000077 =008 200213################g##########0#ind## =020 ##$$a 978-602-9413-19-9 =040 ##$$a NBPDMAT =082 ##$$a 070.070 1 =090 ##$$a 070.072$bAri a =100 ##$$a Aris Badara =245 1#$$a Analisis wacana : $b Teori, metode dan penerapannya pada wacana media /$c Aris badara =250 ##$$a Cet. 2 =260 ##$$a Jakarta :$b Kencana,$c 2012 =300 ##$$a 208 hlm. : $b Ilus ; $c 23 x 15 cm =650 #4$$a Media Berita - Penelitian =850 ##$$a NBPDMAT =084 ##$$a 070.070 1 ARI a =504 ##$$a Bibliografi : hlm. 197 -202 =504 ##$$a Indeks : hlm. 202 -206 =990 ##$$a 91675/BPAP-NTB/2014 =990 ##$$a 21304057 =990 ##$$a 0001/BPAP-NTB/2015 =990 ##$$a 0001/BPAP-NTB/2015 =990 ##$$a 21601010 =990 ##$$a 21601011 =990 ##$$a 21601012 =990 ##$$a 21601013 =990 ##$$a 21601014 =990 ##$$a 1201353561 =990 ##$$a 91675/BPAP-NTB/2014 =990 ##$$a 21304057 =990 ##$$a 0001/BPAP-NTB/2015 =990 ##$$a 0001/BPAP-NTB/2015 =990 ##$$a 21601010 =990 ##$$a 21601011 =990 ##$$a 21601012 =990 ##$$a 21601013 =990 ##$$a 21601014 =990 ##$$a 1201353561 =990 ##$$a 0001/BPAP-NTB/2015 =990 ##$$a 91675/BPAP-NTB/2014 =990 ##$$a 21304057 =990 ##$$a 0001/BPAP-NTB/2015 =990 ##$$a 21601010 =990 ##$$a 21601011 =990 ##$$a 21601012 =990 ##$$a 21601013 =990 ##$$a 21601014 =990 ##$$a 1201353561 =990 ##$$a 0001/BPAP-NTB/2015 =990 ##$$a 91675/BPAP-NTB/2014 =990 ##$$a 21304057 =990 ##$$a 0001/BPAP-NTB/2015 =990 ##$$a 21601010 =990 ##$$a 21601011 =990 ##$$a 21601012 =990 ##$$a 21601013 =990 ##$$a 21601014 =990 ##$$a 1201353561 =990 ##$$a 1201353561 =990 ##$$a 91675/BPAP-NTB/2014 =990 ##$$a 21304057 =990 ##$$a 0001/BPAP-NTB/2015 =990 ##$$a 0001/BPAP-NTB/2015 =990 ##$$a 21601010 =990 ##$$a 21601011 =990 ##$$a 21601012 =990 ##$$a 21601013 =990 ##$$a 21601014